| 000 | 00483nam a2200169Ia 4500 | ||
|---|---|---|---|
| 999 |
_c131 _d131 |
||
| 003 | OSt | ||
| 005 | 20210909104113.0 | ||
| 008 | 190216s9999||||xx |||||||||||||| ||und|| | ||
| 040 | _coclc | ||
| 082 |
_a297 _bALN/K |
||
| 100 |
_aAl Nabulsi, Abdul Ghani _98812 |
||
| 245 | 0 |
_aKhulasathul Athahqeeq Fi Bayani / _cAbdul Ghani Al Nabulsi |
|
| 260 |
_bDarulQuran Ul Kareem, _aBeirut: |
||
| 300 | _a384p | ||
| 650 | _aArabic | ||
| 942 |
_cBK _2ddc _h297 _iALN/K _k297 _mALN/K |
||